Psicopatologia del non vissuto quotidiano : appunti per il superamento della "psicologia" e per la realizzazione della salute /

Guardat en:
Dades bibliogràfiques
Autor principal: Coppo, Piero, (1940- ) (Autor)
Altres autors: Consigliere, Stefania, Paravagna, Simona
Format: Llibre
Idioma:italià
Publicat: Torino : Nautilus, 2006
Etiquetes: Afegir etiqueta
Sense etiquetes, Sigues el primer a etiquetar aquest registre!

MARC

LEADER 00000nam a22000007i 4500
001 IT\ICCU\UBO\3116519
003 ItRI
005 20260115232336.0
008 070110s2006 it |||||| ||||| |||||c
040 |b ita  |c importazione bologna sebina 
041 7 |a ita  |2 ISO-639-2 
100 1 |a Coppo, Piero,  |d  (1940- )  |0 IT\ICCU\CFIV\084070  |4 aut 
245 1 0 |a Psicopatologia del non vissuto quotidiano :  |b appunti per il superamento della "psicologia" e per la realizzazione della salute /  |c Piero Coppo ; a cura di Stefania Consigliere e Simona Paravagna. 
260 |a Torino :  |b Nautilus,  |c 2006 
300 |a 110 p. ;  |c 21 cm. 
700 1 |a Consigliere, Stefania  |0 IT\ICCU\CFIV\200229 
700 1 |a Paravagna, Simona  |0 IT\ICCU\UBOV\062741 
942 |2 ddc  |c BK  |n 0 
952 |0 0  |1 0  |4 0  |6 DOC_616_890000000000000_COP  |7 0  |9 24477  |a BO  |b BO  |d 2026-01-15  |i 10855  |l 0  |o DOC 616.89 COP  |p BO10855  |r 2026-01-15 23:23:36  |w 2026-01-15  |x [Sebina 5] [1 v.]  |y BK  |z 1 v. 
999 |c 20832  |d 20832